000 00574nam a2200181Ia 4500
005 20250508160558.0
008 008 250505s9999 xx 000 0 eng d
037 _aTextual
040 _aFEDL
_beng
_cFEDL
041 _aeng
_2eng
084 _a379.111, UNI
_qFEDL
100 _aChesswas J D
245 0 _aMethodologies of educational planning for developing countries
260 _aParis, France
_bUnited Nations Educational, Scientific and Cultural Organization
_c1969
300 _a106p.
942 _cTEXL
_h379.111, UNI
999 _c1365423
_d1365423